Hacking : the art of exploitation (Record no. 9575)

000 -LEADER
fixed length control field 00816 a2200265 4500
003 - CONTROL NUMBER IDENTIFIER
control field NUST
005 - DATE AND TIME OF LATEST TRANSACTION
control field 20210802153808.0
008 - FIXED-LENGTH DATA ELEMENTS--GENERAL INFORMATION
fixed length control field 170511b xxu||||| |||| 00| 0 eng d
020 ## - INTERNATIONAL STANDARD BOOK NUMBER
International Standard Book Number 9781593271442
020 ## - INTERNATIONAL STANDARD BOOK NUMBER
International Standard Book Number 1593271441
038 ## - RECORD CONTENT LICENSOR
Staff Name A
040 ## - CATALOGING SOURCE
Original cataloging agency DLC
Language of cataloging DLC
Transcribing agency NUST
082 00 - DEWEY DECIMAL CLASSIFICATION NUMBER
Classification number 005.8
100 1# - MAIN ENTRY--PERSONAL NAME
Personal name Erickson, Jon,
9 (RLIN) 569
245 10 - TITLE STATEMENT
Title Hacking : the art of exploitation
Statement of responsibility, etc. Jon Erickson.
250 ## - EDITION STATEMENT
Edition statement 2nd ed.
260 ## - PUBLICATION, DISTRIBUTION, ETC.
Place of publication, distribution, etc. San Francisco, CA :
Name of publisher, distributor, etc. No Starch Press,
Date of publication, distribution, etc. c2008.
300 ## - PHYSICAL DESCRIPTION
Extent x, 472 p. :
Other physical details ill. ;
Dimensions 23 cm. +
Accompanying material 1 CD-ROM (4 3/4 in.)
563 ## - BINDING INFORMATION
Binding note P.B
650 #0 - SUBJECT ADDED ENTRY--TOPICAL TERM
Topical term or geographic name entry element Computer security.
9 (RLIN) 570
650 #0 - SUBJECT ADDED ENTRY--TOPICAL TERM
Topical term or geographic name entry element Computer hackers.
9 (RLIN) 571
650 #0 - SUBJECT ADDED ENTRY--TOPICAL TERM
Topical term or geographic name entry element Computer networks
General subdivision Security measures.
9 (RLIN) 466
856 41 - ELECTRONIC LOCATION AND ACCESS
Materials specified Table of contents
Uniform Resource Identifier <a href="http://www.loc.gov/catdir/toc/fy0804/2007042910.html">http://www.loc.gov/catdir/toc/fy0804/2007042910.html</a>
942 ## - ADDED ENTRY ELEMENTS (KOHA)
Koha item type Book
Call number prefix 005.8 ERI
Source of classification or shelving scheme
Holdings
Withdrawn status Lost status Damaged status Not for loan Collection code Permanent Location Current Location Shelving location Date acquired Source of acquisition Cost, normal purchase price Total Checkouts Total Renewals Full call number Barcode Date last seen Date last checked out Price effective from Koha item type Checked out Source of classification or shelving scheme
          Central Library (CL) Central Library (CL) First Floor - Artificial Intelligence/Data Mining 03/19/2008 Progressive International Agencies 3277.22 8 6 005.8 ERI SEECS008915 05/27/2025 12/24/2024 01/05/2017 Book    
          Central Library (CL) Central Library (CL) First Floor - Artificial Intelligence/Data Mining 01/24/2013 Progressive International Agencies 4778.59 6 7 005.8 SEECS011892 10/10/2025 06/27/2025 01/29/2013 Book 04/11/2026  
          Central Library (CL) Central Library (CL) First Floor - Artificial Intelligence/Data Mining 01/24/2013 Progressive International Agencies 4778.59 13 12 005.8 ERI SEECS011893 05/27/2025 09/20/2023 01/29/2013 Book    
          Central Library (CL) Central Library (CL) First Floor - Artificial Intelligence/Data Mining 01/24/2013 Progressive International Agencies 4778.59 7 5 005.8 ERI SEECS011894 02/03/2026 09/27/2025 01/29/2013 Book    
© 2023 Central Library, National University of Sciences and Technology. All Rights Reserved.